| 000 | 00940nam a2200253 i 4500 | ||
|---|---|---|---|
| 001 | 47520 | ||
| 003 | ES-MaACL | ||
| 005 | 20250714123442.0 | ||
| 007 | t| | ||
| 008 | 030430q1930 sp ||||1| spa d | ||
| 080 | _a821.134.2-31"19" | ||
| 100 | 1 |
_aHoyos y Vinent, Antonio de, _dca. 1885-1940 _964441 |
|
| 245 | 1 | 3 |
_aEl seguro contra naufragio : _bnovela original / _cAntonio de Hoyos y Vinent. |
| 260 |
_aMadrid : _bBiblioteca Patria, _c[ca. 1930] |
||
| 300 |
_a189 p. ; _c19 cm. |
||
| 490 | 1 |
_aBiblioteca Patria de obras premiadas ; _v303 |
|
| 530 | _aDisponible en formato digital. | ||
| 586 | _aLaureada con el Premio Domecq | ||
| 830 | 1 |
_aBiblioteca Patria de obras premiadas ; _v303 _9184512 |
|
| 852 | 4 |
_aES-MaACL _jG-3350 _cDEPO2 _zRevisado enlace: 14 de julio de 2025 |
|
| 856 | 4 |
_uhttp://bdh-rd.bne.es/viewer.vm?id=0000256818&page=1 _yBiblioteca Digital Hispánica |
|
| 942 | _2udc | ||
| 999 |
_c47520 _d47520 |
||